Biggest Cities in Armenia A-Z - Statistics

General Stats
  • This quiz has been taken 4 times
  • The average score is 8 of 26
Answer Stats
Letter Population City % Correct
Q N/A N/A
100%
W N/A N/A
100%
X N/A N/A
100%
Y 1,219,893 Yerevan
100%
D 16,390 Dilijan
50%
G 122,657 Gyumri
50%
I 19,041 Ijevan
50%
K 33,105 Kapan
50%
V 86,190 Vanadzor
50%
A 47,012 Abovyan
25%
B 12,194 Byureghavan
25%
C 22,550 Charentsavan
25%
H 44,966 Hrazdan
25%
M 20,219 Masis
25%
S 19,920 Sevan
25%
U 3,477 Ujan
25%
E 7 Erkenants
0%
F 1,406 Fioletovo
0%
J 6,438 Jrvezh
0%
L 5,890 Lichk
0%
N 13,764 Nor Hachn
0%
O 6,049 Oshakan
0%
P 5,782 Proshyan
0%
R 1,522 Rind
0%
T 8,701 Tashir
0%
Z 7,249 Zolakar
0%
No matching quizzes found
Score Distribution
Percent of People with Each Score
Percentile by Number Answered
Your Score History
You have not taken this quiz